[Event "GBR-ch111 Major Open"]
[Site "Liverpool"]
[Date "2025.08.08"]
[Round "7.13"]
[White "Thomas, James"]
[Black "Sanada, Tetsuaki"]
[Result "1-0"]
[WhiteElo "1882"]
[BlackElo "2021"]
[PlyCount "81"]
[EventDate "2025.08.02"]
[EventType "swiss"]
[EventRounds "9"]
[EventCountry "GBR"]
[SourceTitle "BritBase"]
[Source "John Saunders"]
[SourceDate "2025.08.11"]
[SourceVersion "1"]
[SourceVersionDate "2025.08.11"]
[SourceQuality "1"]

1. Nf3 Nf6 2. g3 d5 3. Bg2 g6 4. c4 c6 5. b3 Bg7 6. Bb2 O-O 7. O-O a5 8. Nc3 Re8 9. d4 Bf5 10. e3 Nbd7 11. cxd5 cxd5 12. Rc1 Rc8 13. Qe2 Nb6 14. a4 Qd6 15. Nb5 Qb4 16. Nd2 Bg4 17. f3 Bd7 18. Nc7 Red8 19. Bc3 Qd6 20. Nb5 Bxb5 21. Qxb5 Qe6 22. Kh1 Nfd7 23. e4 Qc6 24. Qxa5 e5 25. exd5 Qxd5 26. dxe5 Rc5 27. Qb4 Qd3 28. Qd4 Qxd4 29. Bxd4 Rxc1 30. Rxc1 Bxe5 31. Bg1 Nf6 32. f4 Bd4 33. Ne4 Nxe4 34. Bxe4 Bxg1 35. Kxg1 Rd7 36. a5 Re7 37. Bg2 Re3 38. Rb1 Nd7 39. Bxb7 Nc5 40. a6 Re8 41. Rc1 1-0

[Event "GBR-ch111 Major Open"]
[Site "Liverpool"]
[Date "2025.08.08"]
[Round "7.14"]
[White "Potter, John M"]
[Black "Keerthi Kumar, Advait"]
[Result "1-0"]
[WhiteElo "2015"]
[BlackElo "1878"]
[PlyCount "93"]
[EventDate "2025.08.02"]
[EventType "swiss"]
[EventRounds "9"]
[EventCountry "GBR"]
[SourceTitle "BritBase"]
[Source "John Saunders"]
[SourceDate "2025.08.11"]
[SourceVersion "1"]
[SourceVersionDate "2025.08.11"]
[SourceQuality "1"]

1. e4 c5 2. Nf3 Nc6 3. g3 g6 4. Bg2 Bg7 5. O-O d6 6. c3 e5 7. d3 Nf6 8. h3 O-O 9. Be3 b6 10. c4 Rb8 11. Nc3 h6 12. Kh2 Be6 13. Nd5 Bxd5 14. cxd5 Ne7 15. Qd2 Kh7 16. Ng1 Nfg8 17. f4 f5 18. Nf3 Rc8 19. Rac1 a5 20. fxe5 dxe5 21. Nh4 Qd6 22. exf5 Nxf5 23. Nxf5 gxf5 24. Rxf5 Rxf5 25. Be4 Ne7 26. g4 Kh8 27. gxf5 Rf8 28. Rf1 Rf6 29. Qg2 Qd7 30. Qf3 Rf8 31. Qg2 Rf6 32. Bd2 Ng8 33. Rg1 Qf7 34. Bc3 Bf8 35. Bxe5 Bd6 36. Qg3 Bxe5 37. Qxe5 Qf8 38. Rg6 Kh7 39. d6 Qd8 40. Bd5 c4 41. dxc4 b5 42. Bxg8+ Kh8 43. Qxf6+ Qxf6 44. Rxf6 Kg7 45. Rg6+ Kf8 46. cxb5 a4 47. Be6 1-0

[Event "GBR-ch111 Major Open"]
[Site "Liverpool"]
[Date "2025.08.08"]
[Round "7.15"]
[White "Vadalia, Jainill"]
[Black "Lee, Alexandre KM"]
[Result "1/2-1/2"]
[WhiteElo "1929"]
[BlackElo "2006"]
[PlyCount "74"]
[EventDate "2025.08.02"]
[EventType "swiss"]
[EventRounds "9"]
[EventCountry "GBR"]
[SourceTitle "BritBase"]
[Source "John Saunders"]
[SourceDate "2025.08.11"]
[SourceVersion "1"]
[SourceVersionDate "2025.08.11"]
[SourceQuality "1"]

1. d4 Nf6 2. c4 g6 3. Nc3 Bg7 4. e4 d6 5. Nf3 O-O 6. Be2 e5 7. d5 a5 8. Bg5 Na6 9. Nd2 Qe8 10. a3 Bd7 11. b3 Kh8 12. O-O Ng8 13. Be3 f5 14. f3 Bh6 15. Bxh6 Nxh6 16. b4 axb4 17. axb4 Qe7 18. Rb1 Nf7 19. Qe1 Rfb8 20. Qf2 c5 21. dxc6 bxc6 22. b5 Nc5 23. Rfc1 Nd8 24. Ra1 Nde6 25. Rcb1 Qd8 26. exf5 gxf5 27. Bf1 Rxa1 28. Rxa1 Nd4 29. f4 Qf6 30. fxe5 dxe5 31. Rb1 Re8 32. Nce4 Qe7 33. Nxc5 Qxc5 34. Nb3 Nxb3 35. Rxb3 Qxf2+ 36. Kxf2 cxb5 37. cxb5 Rb8 1/2-1/2

[Event "GBR-ch111 Major Open"]
[Site "Liverpool"]
[Date "2025.08.08"]
[Round "7.16"]
[White "Terler, Bohdan"]
[Black "Cowan, Xavier"]
[Result "1/2-1/2"]
[WhiteElo "1974"]
[BlackElo "1854"]
[PlyCount "102"]
[EventDate "2025.08.02"]
[EventType "swiss"]
[EventRounds "9"]
[EventCountry "GBR"]
[SourceTitle "BritBase"]
[Source "John Saunders"]
[SourceDate "2025.08.11"]
[SourceVersion "1"]
[SourceVersionDate "2025.08.11"]
[SourceQuality "1"]

1. e4 c5 2. Be2 d6 3. f4 Nf6 4. d3 e6 5. Nf3 Be7 6. O-O a6 7. c3 O-O 8. Kh1 b5 9. e5 Ne8 10. d4 Bb7 11. Be3 Nd7 12. Bd3 g6 13. Qe2 Ng7 14. Bg1 cxd4 15. cxd4 Nb6 16. Nc3 Nd5 17. Nxd5 Bxd5 18. b3 Nf5 19. Rad1 Rc8 20. Bf2 Nh4 21. Bxh4 Bxh4 22. g3 Be7 23. h4 Rc3 24. Kh2 Bxf3 25. Rxf3 d5 26. Kg2 Qb6 27. h5 Rfc8 28. Rff1 Ba3 29. Qg4 Kg7 30. Qg5 Qd8 31. Qg4 Rc1 32. f5 exf5 33. Bxf5 Rxd1 34. Rxd1 Rc1 35. Rd2 Qa5 36. Re2 Re1 37. hxg6 Rxe2+ 38. Qxe2 hxg6 39. Bg4 Qc3 40. Qf2 Qb2 41. e6 Qxf2+ 42. Kxf2 Kf6 43. exf7 Kxf7 44. Bc8 a5 45. Bd7 b4 46. Bc6 Ke6 47. g4 g5 48. Ke2 Bb2 49. Kd3 Kd6 50. Be8 Bc3 51. a4 Bb2 1/2-1/2

[Event "GBR-ch111 Major Open"]
[Site "Liverpool"]
[Date "2025.08.08"]
[Round "7.17"]
[White "Bhatia, Kanishka"]
[Black "Ding, Yiwen"]
[Result "1-0"]
[WhiteElo "2067"]
[BlackElo "1844"]
[PlyCount "153"]
[EventDate "2025.08.02"]
[EventType "swiss"]
[EventRounds "9"]
[EventCountry "GBR"]
[SourceTitle "BritBase"]
[Source "John Saunders"]
[SourceDate "2025.08.11"]
[SourceVersion "1"]
[SourceVersionDate "2025.08.11"]
[SourceQuality "1"]

1. d4 d5 2. c4 e6 3. Nc3 Be7 4. Nf3 Nf6 5. Bg5 h6 6. Bxf6 Bxf6 7. e3 O-O 8. Qc2 c6 9. h4 Re8 10. O-O-O e5 11. dxe5 Bxe5 12. Nxe5 Rxe5 13. cxd5 cxd5 14. Bc4 Nc6 15. Rxd5 Rxd5 16. Bxd5 Nb4 17. Bxf7+ Kf8 18. Qe2 Nd3+ 19. Kb1 Kxf7 20. Rd1 Qxh4 21. Qxd3 Be6 22. f3 Qg5 23. Rd2 Qa5 24. b3 Rc8 25. Kb2 a6 26. Ne4 Kg8 27. Qd6 Bf7 28. Qe7 Qc7 29. Qxc7 Rxc7 30. Rc2 Rxc2+ 31. Kxc2 Bg6 32. Kd3 b6 33. Kd4 Kf7 34. Kd5 Ke7 35. Ke5 Kd7 36. b4 a5 37. a3 axb4 38. axb4 Kc6 39. Nc3 h5 40. g3 Bf7 41. f4 Kd7 42. Ne2 Be8 43. Nd4 Bf7 44. Nf5 Kc6 45. Nxg7 Kb5 46. e4 Kxb4 47. Kf6 Bg8 48. e5 Kc4 49. f5 Bd5 50. Ne6 b5 51. Nc7 b4 52. Nxd5 Kxd5 53. e6 b3 54. e7 b2 55. e8=Q b1=Q 56. Qxh5 Kd6 57. g4 Qb2+ 58. Kg6 Qb7 59. Qh8 Qf3 60. Qf6+ Kd7 61. g5 Ke8 62. Qe6+ Kd8 63. f6 Qc6 64. Qe7+ Kc8 65. Kg7 Kb8 66. f7 Qc3+ 67. Qf6 Qc7 68. Kg8 Qc4 69. Kg7 Qc7 70. Kg8 Qc4 71. g6 Ka8 72. g7 Qa2 73. Kh8 Qh2+ 74. Kg8 Qa2 75. Qh6 Qd5 76. Kh8 Qxf7 77. g8=R+ 1-0

[Event "GBR-ch111 Major Open"]
[Site "Liverpool"]
[Date "2025.08.08"]
[Round "7.18"]
[White "Rughani, Mahin"]
[Black "Williams, John P"]
[Result "1-0"]
[WhiteElo "1906"]
[BlackElo "2027"]
[PlyCount "85"]
[EventDate "2025.08.02"]
[EventType "swiss"]
[EventRounds "9"]
[EventCountry "GBR"]
[SourceTitle "BritBase"]
[Source "John Saunders"]
[SourceDate "2025.08.11"]
[SourceVersion "1"]
[SourceVersionDate "2025.08.11"]
[SourceQuality "1"]

1. d4 c5 2. d5 f5 3. Nc3 Nf6 4. e4 fxe4 5. Nge2 g6 6. Ng3 Bg7 7. h4 h5 8. Ngxe4 Qa5 9. Nxf6+ Bxf6 10. Bd2 Qb4 11. Bd3 Kf7 12. a3 Qg4 13. Be2 Qf5 14. Bd3 Qg4 15. Be2 Qf5 16. Be3 d6 17. Qd2 Nd7 18. f3 Ne5 19. O-O-O b5 20. Bxb5 Rb8 21. Rdg1 Rxb5 22. Nxb5 Nc4 23. Qe2 Qe5 24. Qxc4 Qxe3+ 25. Kd1 Ba6 26. Re1 Bxb5 27. Qxb5 Qd4+ 28. Kc1 Bxh4 29. Re4 Bg5+ 30. Kb1 Qd2 31. Qe2 Qa5 32. Re1 Re8 33. Re6 Bf6 34. Qe4 Rb8 35. Rxf6+ exf6 36. Qe7+ Kg8 37. Re6 Qc3 38. b3 Rxb3+ 39. cxb3 Qd3+ 40. Kc1 Qc3+ 41. Kd1 Qd3+ 42. Ke1 Qc3+ 43. Kf1 1-0

[Event "GBR-ch111 Major Open"]
[Site "Liverpool"]
[Date "2025.08.08"]
[Round "7.19"]
[White "Pick, Freddie"]
[Black "Waterfield, Mark B"]
[Result "1/2-1/2"]
[WhiteElo "1978"]
[BlackElo "1869"]
[PlyCount "55"]
[EventDate "2025.08.02"]
[EventType "swiss"]
[EventRounds "9"]
[EventCountry "GBR"]
[SourceTitle "BritBase"]
[Source "John Saunders"]
[SourceDate "2025.08.11"]
[SourceVersion "1"]
[SourceVersionDate "2025.08.11"]
[SourceQuality "1"]

1. e4 e6 2. d4 d5 3. Nd2 Nf6 4. e5 Nfd7 5. Bd3 c5 6. c3 Nc6 7. Ngf3 a5 8. O-O Be7 9. Re1 O-O 10. Nf1 cxd4 11. cxd4 Nb6 12. Bb1 Bd7 13. Qd3 g6 14. h4 Bxh4 15. Qe3 Be7 16. Qh6 f6 17. Bxg6 hxg6 18. Qxg6+ Kh8 19. Ng5 fxg5 20. Re3 Rf4 21. Qh6+ Kg8 22. Qg6+ Kh8 23. Rh3+ Rh4 24. Rxh4+ gxh4 25. Qh6+ Kg8 26. Qg6+ Kh8 27. Qh5+ Kg8 28. Qg6+ 1/2-1/2

[Event "GBR-ch111 Major Open"]
[Site "Liverpool"]
[Date "2025.08.08"]
[Round "7.20"]
[White "Lukhi, Neev"]
[Black "Vaddhireddy, Sai"]
[Result "1-0"]
[WhiteElo "1869"]
[BlackElo "1972"]
[PlyCount "59"]
[EventDate "2025.08.02"]
[EventType "swiss"]
[EventRounds "9"]
[EventCountry "GBR"]
[SourceTitle "BritBase"]
[Source "John Saunders"]
[SourceDate "2025.08.11"]
[SourceVersion "1"]
[SourceVersionDate "2025.08.11"]
[SourceQuality "1"]

1. d4 d5 2. Bf4 c5 3. e3 Nc6 4. Nf3 Bg4 5. c3 e6 6. h3 Bh5 7. Qb3 Qd7 8. Nbd2 c4 9. Qd1 b5 10. b3 b4 11. cxb4 c3 12. Nb1 Bxb4 13. Qc2 Bg6 14. Bd3 Nf6 15. Bxg6 hxg6 16. O-O O-O 17. a3 Be7 18. Nxc3 Rac8 19. Qd3 Na5 20. Nd2 Rc6 21. Na4 Ne4 22. Nxe4 dxe4 23. Qb5 Nb7 24. b4 Nd6 25. Bxd6 Qxd6 26. Nc5 Qd5 27. Qe2 e5 28. Rfd1 Rd8 29. Qc2 Rb8 30. Qa4 1-0

[Event "GBR-ch111 Major Open"]
[Site "Liverpool"]
[Date "2025.08.08"]
[Round "7.21"]
[White "Dissanayake, Sathsara"]
[Black "Skettos, Nicolas"]
[Result "1-0"]
[WhiteElo "1733"]
[BlackElo "1968"]
[PlyCount "221"]
[EventDate "2025.08.02"]
[EventType "swiss"]
[EventRounds "9"]
[EventCountry "GBR"]
[SourceTitle "BritBase"]
[Source "John Saunders"]
[SourceDate "2025.08.11"]
[SourceVersion "1"]
[SourceVersionDate "2025.08.11"]
[SourceQuality "1"]

1. e4 e6 2. d4 d5 3. Nc3 Nf6 4. exd5 Nxd5 5. Nxd5 Qxd5 6. Nf3 Nc6 7. Be2 Bd7 8. O-O Be7 9. Bf4 O-O-O 10. c4 Qf5 11. Be3 g5 12. Bd3 Qg4 13. Nxg5 Qxd1 14. Rfxd1 Be8 15. Nf3 Bf6 16. Be4 Bg7 17. d5 f5 18. dxc6 Rxd1+ 19. Rxd1 fxe4 20. cxb7+ Kxb7 21. Ng5 Kc6 22. b4 Bc3 23. b5+ Kb7 24. Nxe4 Bb4 25. Rd8 Be7 26. Nc5+ Bxc5 27. Bxc5 Rg8 28. f3 Bf7 29. Rd7 Bg6 30. Bd6 Rc8 31. Be5 Bb1 32. c5 Bxa2 33. Rxh7 Bc4 34. g4 Bxb5 35. Re7 a5 36. Rxe6 a4 37. h4 a3 38. Ba1 Rd8 39. Re1 Bc6 40. Kf2 Rd3 41. Re3 Rd2+ 42. Kg3 a2 43. Rb3+ Kc8 44. Rb2 Rd3 45. Rxa2 Rxf3+ 46. Kh2 Rf4 47. Kg3 Rf3+ 48. Kh2 Rf4 49. g5 Rxh4+ 50. Kg3 Rc4 51. g6 Rxc5 52. Kf4 Bd5 53. Rd2 Be6 54. Be5 Rc4+ 55. Kg5 Rg4+ 56. Kf6 Bb3 57. Rb2 Bd5 58. g7 Kd7 59. Rd2 Kc6 60. Rc2+ Rc4 61. Rg2 Rc1 62. g8=Q Bxg8 63. Rxg8 Kd5 64. Rd8+ Ke4 65. Rd4+ Kf3 66. Kf5 c5 67. Rd3+ Ke2 68. Rh3 Rc4 69. Ke6 Rg4 70. Rc3 c4 71. Kd5 Kd2 72. Bd4 Rg8 73. Rxc4 Rd8+ 74. Ke4 Re8+ 75. Be5 Re7 76. Rd4+ Kc2 77. Rd5 Re8 78. Kd4 Ra8 79. Rc5+ Kd2 80. Rc4 Ra3 81. Bf4+ Ke2 82. Ke4 Ra2 83. Be3 Rb2 84. Ra4 Rc2 85. Bd4 Rc8 86. Ra2+ Kf1 87. Be3 Rf8 88. Bf4 Ke1 89. Kf3 Kd1 90. Rd2+ Ke1 91. Ke3 Ra8 92. Bg3+ Kf1 93. Kf3 Ra3+ 94. Kg4 Re3 95. Kh3 Rb3 96. Kg4 Rb4+ 97. Kh3 Rb3 98. Rf2+ Kg1 99. Rf4 Rd3 100. Re4 Rd1 101. Re2 Kf1 102. Re3 Kg1 103. Rf3 Rb1 104. Bf4 Re1 105. Bd2 Rd1 106. Be3+ Kh1 107. Rf2 Kg1 108. Rd2+ Kf1 109. Rxd1+ Ke2 110. Rd4 Kxe3 111. Ra4 1-0

[Event "GBR-ch111 Major Open"]
[Site "Liverpool"]
[Date "2025.08.08"]
[Round "7.22"]
[White "Shankar, Yashwardhan"]
[Black "McDonagh, Michael"]
[Result "1/2-1/2"]
[WhiteElo "1761"]
[BlackElo "1947"]
[PlyCount "103"]
[EventDate "2025.08.02"]
[EventType "swiss"]
[EventRounds "9"]
[EventCountry "GBR"]
[SourceTitle "BritBase"]
[Source "John Saunders"]
[SourceDate "2025.08.11"]
[SourceVersion "1"]
[SourceVersionDate "2025.08.11"]
[SourceQuality "1"]

1. d4 d5 2. Bf4 c5 3. e3 cxd4 4. exd4 Nc6 5. c3 Bf5 6. Bd3 Qd7 7. Nf3 f6 8. Bxf5 Qxf5 9. Bg3 Qe4+ 10. Qe2 Qxe2+ 11. Kxe2 Nh6 12. Nbd2 Nf5 13. Rhe1 e6 14. Kf1 Nxg3+ 15. hxg3 Kf7 16. a3 h5 17. Rac1 Bd6 18. c4 Rac8 19. b4 g5 20. c5 Bb8 21. Nb3 h4 22. b5 Ne7 23. gxh4 g4 24. Nfd2 Rxh4 25. Ke2 Rh2 26. Rg1 b6 27. a4 e5 28. c6 Bc7 29. Nf1 Rh5 30. Ne3 f5 31. dxe5 Ke6 32. Rh1 Rch8 33. Rxh5 Rxh5 34. Nd4+ Kxe5 35. Ndc2 Bd6 36. g3 Rh2 37. Nf1 Rh1 38. f4+ gxf3+ 39. Kxf3 Bc5 40. Re1+ Kd6 41. Nce3 a6 42. Kg2 Rh6 43. Kf3 axb5 44. axb5 Re6 45. Rd1 Re4 46. Rd3 Ra4 47. Nd2 Bxe3 48. Rxe3 Rb4 49. Rb3 Kc5 50. Re3 Kd6 51. Rb3 Kc5 52. Re3 1/2-1/2

[Event "GBR-ch111 Major Open"]
[Site "Liverpool"]
[Date "2025.08.08"]
[Round "7.23"]
[White "Ruane, Brendan J"]
[Black "Izod, Chris"]
[Result "0-1"]
[WhiteElo "1848"]
[BlackElo "1944"]
[PlyCount "104"]
[EventDate "2025.08.02"]
[EventType "swiss"]
[EventRounds "9"]
[EventCountry "GBR"]
[SourceTitle "BritBase"]
[Source "John Saunders"]
[SourceDate "2025.08.11"]
[SourceVersion "1"]
[SourceVersionDate "2025.08.11"]
[SourceQuality "1"]

1. e4 e6 2. d3 c5 3. Nf3 Nc6 4. g3 Nf6 5. Bg2 Be7 6. O-O O-O 7. Re1 d5 8. e5 Ne8 9. h4 b5 10. Nbd2 a5 11. Nf1 b4 12. N1h2 Bd7 13. Bf4 a4 14. a3 bxa3 15. bxa3 f5 16. Bg5 Nc7 17. Bxe7 Qxe7 18. Ng5 Rab8 19. c4 Nd4 20. Nhf3 Nxf3+ 21. Nxf3 Rb3 22. Qc2 Rfb8 23. Reb1 Bc6 24. Nd2 R3b6 25. Rxb6 Rxb6 26. Rb1 Na8 27. d4 Rxb1+ 28. Qxb1 cxd4 29. cxd5 exd5 30. Qxf5 Nb6 31. f4 Bd7 32. Qd3 Qc5 33. Nf3 Qc1+ 34. Kh2 Qc4 35. Qxd4 Nc8 36. Qxc4 dxc4 37. Nd4 c3 38. Be4 Nb6 39. e6 Be8 40. Kg2 Nc4 41. Nc2 g6 42. g4 Kf8 43. Bd5 Bb5 44. Kf3 Nb6 45. Ba2 Bd3 46. Bb1 Nc4 47. Kf2 Bxc2 48. Bxc2 Nxa3 49. Bxa4 c2 50. Bxc2 Nxc2 51. f5 gxf5 52. gxf5 Nd4 0-1

[Event "GBR-ch111 Major Open"]
[Site "Liverpool"]
[Date "2025.08.08"]
[Round "7.24"]
[White "Rich, Aaron"]
[Black "Garnett, John S"]
[Result "1-0"]
[WhiteElo "1944"]
[BlackElo "1816"]
[PlyCount "95"]
[EventDate "2025.08.02"]
[EventType "swiss"]
[EventRounds "9"]
[EventCountry "GBR"]
[SourceTitle "BritBase"]
[Source "John Saunders"]
[SourceDate "2025.08.11"]
[SourceVersion "1"]
[SourceVersionDate "2025.08.11"]
[SourceQuality "1"]

1. e4 c6 2. Nf3 d5 3. d3 Bg4 4. Be2 e6 5. Nc3 Nd7 6. O-O Ngf6 7. Re1 dxe4 8. dxe4 Be7 9. h3 Bxf3 10. Bxf3 O-O 11. Ne2 Ne5 12. Ng3 Nxf3+ 13. Qxf3 Qb6 14. e5 Nd5 15. a3 Rfd8 16. Qg4 Bf8 17. Ne4 Ne7 18. Qh5 Ng6 19. Ng5 h6 20. Nxe6 Re8 21. Nxf8 Nxf8 22. Qg4 Re6 23. Qb4 Qc7 24. f4 Rd8 25. Be3 b6 26. Rad1 c5 27. Qc3 Rxd1 28. Rxd1 g5 29. fxg5 Qxe5 30. Qxe5 Rxe5 31. Bf4 Rf5 32. Bb8 hxg5 33. Bxa7 b5 34. Rd8 Kg7 35. g4 Re5 36. Rb8 Re2 37. Bxc5 Ne6 38. Rxb5 Rxc2 39. Bb4 Nf4 40. Rxg5+ Kh6 41. Rb5 Nxh3+ 42. Kf1 Nf4 43. a4 Kg6 44. Bc3 Nd3 45. a5 Rf2+ 46. Kg1 Rf4 47. a6 Rxg4+ 48. Kf1 1-0

[Event "GBR-ch111 Major Open"]
[Site "Liverpool"]
[Date "2025.08.08"]
[Round "7.25"]
[White "Kendall, Arthur"]
[Black "Keely, Leo A"]
[Result "0-1"]
[WhiteElo "1826"]
[BlackElo "1906"]
[PlyCount "54"]
[EventDate "2025.08.02"]
[EventType "swiss"]
[EventRounds "9"]
[EventCountry "GBR"]
[SourceTitle "BritBase"]
[Source "John Saunders"]
[SourceDate "2025.08.11"]
[SourceVersion "1"]
[SourceVersionDate "2025.08.11"]
[SourceQuality "1"]

1. d4 Nf6 2. Nf3 g6 3. c4 Bg7 4. Nc3 d6 5. e4 O-O 6. Be2 e5 7. O-O Nbd7 8. Be3 c6 9. d5 c5 10. Nd2 Ne8 11. a3 f5 12. f3 f4 13. Bf2 Ndf6 14. b4 b6 15. Nb3 g5 16. bxc5 bxc5 17. Nxc5 dxc5 18. Bxc5 Rf7 19. Bf2 Bf8 20. c5 Rg7 21. Bc4 Kh8 22. d6 g4 23. Qe1 gxf3 24. g3 Bh3 25. Qd1 Bxf1 26. Bxf1 Qa5 27. Qxf3 Rc8 0-1

[Event "GBR-ch111 Major Open"]
[Site "Liverpool"]
[Date "2025.08.08"]
[Round "7.26"]
[White "Gadzhiev, Farid"]
[Black "Richmond, Frank"]
[Result "0-1"]
[WhiteElo "1978"]
[BlackElo "1836"]
[PlyCount "72"]
[EventDate "2025.08.02"]
[EventType "swiss"]
[EventRounds "9"]
[EventCountry "GBR"]
[SourceTitle "BritBase"]
[Source "John Saunders"]
[SourceDate "2025.08.11"]
[SourceVersion "1"]
[SourceVersionDate "2025.08.11"]
[SourceQuality "1"]

1. e4 e6 2. d4 d5 3. e5 c5 4. c3 Nc6 5. Nf3 Bd7 6. Be2 Nge7 7. Na3 cxd4 8. cxd4 Nf5 9. Nc2 Be7 10. O-O Qb6 11. Bd3 Nh4 12. Nxh4 Bxh4 13. Qg4 Be7 14. Qxg7 O-O-O 15. Qxf7 Rdf8 16. Qh5 Rhg8 17. Kh1 Be8 18. Qh3 Bd7 19. b3 Bb4 20. Bb2 Rf7 21. Rac1 Rgf8 22. Qe3 Kb8 23. Nxb4 Nxb4 24. a3 Nxd3 25. Qxd3 Bb5 26. Qe3 Bxf1 27. Rxf1 Qc6 28. Bc3 Qb5 29. Qe1 Qxf1+ 30. Qxf1 Rxf2 31. Qxf2 Rxf2 32. Kg1 Ra2 33. Bb4 Rb2 34. Bd6+ Kc8 35. h4 Rxb3 36. Kh2 h5 0-1

[Event "GBR-ch111 Major Open"]
[Site "Liverpool"]
[Date "2025.08.08"]
[Round "7.27"]
[White "Nasiri, Fahim"]
[Black "Lee, Yuk Hei"]
[Result "1/2-1/2"]
[WhiteElo "2252"]
[BlackElo "1868"]
[PlyCount "154"]
[EventDate "2025.08.02"]
[EventType "swiss"]
[EventRounds "9"]
[EventCountry "GBR"]
[SourceTitle "BritBase"]
[Source "John Saunders"]
[SourceDate "2025.08.11"]
[SourceVersion "1"]
[SourceVersionDate "2025.08.11"]
[SourceQuality "1"]

1. e4 e5 2. Nf3 Nc6 3. Bb5 a6 4. Ba4 Nf6 5. O-O Be7 6. d3 d6 7. Bd2 b5 8. Bb3 Bb7 9. Re1 O-O 10. a3 h6 11. Nc3 Na5 12. Ba2 c5 13. Nd5 Nc6 14. c3 Re8 15. b4 Bf8 16. c4 Nxd5 17. cxd5 Nd4 18. Nxd4 cxd4 19. Qg4 g6 20. f4 Bc8 21. Qg3 Bg7 22. Rf1 Ra7 23. Rac1 Kh7 24. Rf3 f5 25. Bb1 Rc7 26. Rxc7 Qxc7 27. fxe5 dxe5 28. Rf1 Bd7 29. Rc1 Qd6 30. Qe1 Rf8 31. Bc2 g5 32. Bd1 Rc8 33. Be2 Bf8 34. h3 Be7 35. Qd1 Rc7 36. Bf3 Bf6 37. exf5 Bxf5 38. Be4 Bg6 39. Qh5 Rxc1+ 40. Bxc1 Be7 41. Bd2 Kg7 42. Qg4 h5 43. Qc8 Bxe4 44. dxe4 Qb6 45. Qc6 Qa7 46. d6 Bd8 47. Qc5 Qf7 48. Qxe5+ Bf6 49. Qf5 Qg6 50. Qd7+ Qf7 51. Qc7 d3 52. Qxf7+ Kxf7 53. Kf2 Bd4+ 54. Kf3 Ke6 55. Bxg5 Kxd6 56. Bf4+ Ke6 57. g4 hxg4+ 58. hxg4 Bb2 59. Bd2 Bxa3 60. Ke3 Bb2 61. Kxd3 Bf6 62. Bc3 Bg5 63. Bd2 Bf6 64. g5 Bd8 65. Kd4 Bb6+ 66. Kd3 Bd8 67. Bf4 Be7 68. Kc3 Bd8 69. e5 Kf5 70. Kd4 a5 71. bxa5 Bxa5 72. Kd5 Bb4 73. e6 Be7 74. Bc1 b4 75. Bd2 b3 76. Bc1 Bxg5 77. Bxg5 Kxg5 1/2-1/2

[Event "GBR-ch111 Major Open"]
[Site "Liverpool"]
[Date "2025.08.08"]
[Round "7.28"]
[White "Wilkinson, Daniel"]
[Black "Arnott, Jonathan W"]
[Result "1/2-1/2"]
[WhiteElo "1889"]
[BlackElo "2079"]
[PlyCount "65"]
[EventDate "2025.08.02"]
[EventType "swiss"]
[EventRounds "9"]
[EventCountry "GBR"]
[SourceTitle "BritBase"]
[Source "John Saunders"]
[SourceDate "2025.08.11"]
[SourceVersion "1"]
[SourceVersionDate "2025.08.11"]
[SourceQuality "1"]

1. d4 e6 2. e4 d5 3. Nc3 Nf6 4. Bg5 Be7 5. e5 Nfd7 6. h4 c5 7. Nb5 f6 8. Bd3 a6 9. Bh6 Nxe5 10. Bxg7 Rg8 11. dxe5 Rxg7 12. Qh5+ Kd7 13. exf6 Bxf6 14. Nc3 Bxc3+ 15. bxc3 Qf6 16. Ne2 h6 17. O-O-O b5 18. Rh3 Nc6 19. Rf3 Qe7 20. Qxh6 Ne5 21. Rg3 Rxg3 22. Nxg3 Bb7 23. Re1 Nxd3+ 24. cxd3 Rf8 25. Rxe6 Qxe6 26. Qxf8 Qe1+ 27. Kc2 Qa1 28. Qf7+ Kc8 29. Qe8+ Kc7 30. Qe7+ Kb6 31. Qd6+ Bc6 32. Qb8+ Bb7 33. Qd6+ 1/2-1/2

[Event "GBR-ch111 Major Open"]
[Site "Liverpool"]
[Date "2025.08.08"]
[Round "7.29"]
[White "Hughes, Padraig"]
[Black "Peart, Alan"]
[Result "0-1"]
[WhiteElo "1877"]
[BlackElo "2065"]
[PlyCount "84"]
[EventDate "2025.08.02"]
[EventType "swiss"]
[EventRounds "9"]
[EventCountry "GBR"]
[SourceTitle "BritBase"]
[Source "John Saunders"]
[SourceDate "2025.08.11"]
[SourceVersion "1"]
[SourceVersionDate "2025.08.11"]
[SourceQuality "1"]

1. e4 c5 2. Nf3 d6 3. d4 cxd4 4. Nxd4 Nf6 5. f3 Nc6 6. c4 Qb6 7. Nc2 e6 8. Nc3 Be7 9. Be3 Qxb2 10. Nb5 O-O 11. a3 Qe5 12. Bd3 a6 13. f4 Qh5 14. Be2 Qg6 15. Nbd4 Nxd4 16. Bxd4 Nxe4 17. O-O e5 18. fxe5 dxe5 19. Bxe5 Bc5+ 20. Bd4 Rd8 21. Qd3 Bf5 22. Qe3 Rxd4 23. Nxd4 Rd8 24. Rad1 Qb6 25. Rxf5 Rxd4 26. Rxc5 Rxd1+ 27. Bxd1 Qxc5 28. Qxc5 Nxc5 29. Kf2 Kf8 30. Ke3 Ke7 31. Kd4 Kd6 32. a4 a5 33. Bc2 h6 34. h3 b6 35. Bd1 Ne6+ 36. Kc3 Ke5 37. Bf3 Nc5 38. Bc6 f5 39. Be8 Ke4 40. Bb5 Ke3 41. Bc6 Ne4+ 42. Kb3 Kd4 0-1

[Event "GBR-ch111 Major Open"]
[Site "Liverpool"]
[Date "2025.08.08"]
[Round "7.30"]
[White "Liu, Jacob"]
[Black "Patel, Keatan"]
[Result "0-1"]
[WhiteElo "1859"]
[BlackElo "2041"]
[PlyCount "108"]
[EventDate "2025.08.02"]
[EventType "swiss"]
[EventRounds "9"]
[EventCountry "GBR"]
[SourceTitle "BritBase"]
[Source "John Saunders"]
[SourceDate "2025.08.11"]
[SourceVersion "1"]
[SourceVersionDate "2025.08.11"]
[SourceQuality "1"]

1. e4 e5 2. Nf3 Nc6 3. Bc4 Bc5 4. c3 Nf6 5. d3 a6 6. Bb3 d6 7. h3 Ba7 8. Nbd2 h6 9. O-O g5 10. Nh2 g4 11. Nxg4 Nxg4 12. hxg4 Rg8 13. Qf3 Qe7 14. g5 hxg5 15. g4 Rh8 16. Qg3 Rh4 17. Bd1 Be6 18. Kg2 O-O-O 19. Rh1 Rxh1 20. Kxh1 Rh8+ 21. Kg1 f6 22. Nf1 Qh7 23. Bf3 Ne7 24. Be3 Bxe3 25. fxe3 Ng6 26. Nh2 Nh4 27. Bg2 Ng6 28. a3 c6 29. Rf1 Nf4 30. Bf3 Nxd3 31. Qg2 Nc5 32. b4 Nd7 33. Rd1 Kc7 34. Qd2 Qe7 35. a4 Nb6 36. a5 Nc4 37. Qf2 Qh7 38. Re1 Qh4 39. Qxh4 Rxh4 40. Re2 b6 41. axb6+ Kxb6 42. Kg2 c5 43. bxc5+ dxc5 44. Kg3 a5 45. Nf1 a4 46. Nd2 a3 47. Nb1 Rh7 48. Ra2 Ra7 49. Be2 Nd2 50. c4 Bxc4 51. Bxc4 Nxc4 52. Nc3 Ka5 53. Nd5 Ka4 54. Rc2 Kb3 0-1

[Event "GBR-ch111 Major Open"]
[Site "Liverpool"]
[Date "2025.08.08"]
[Round "7.31"]
[White "Welling, Zac"]
[Black "Swiatkowski, Dominik"]
[Result "1-0"]
[WhiteElo "1970"]
[BlackElo "1843"]
[PlyCount "87"]
[EventDate "2025.08.02"]
[EventType "swiss"]
[EventRounds "9"]
[EventCountry "GBR"]
[SourceTitle "BritBase"]
[Source "John Saunders"]
[SourceDate "2025.08.11"]
[SourceVersion "1"]
[SourceVersionDate "2025.08.11"]
[SourceQuality "1"]

1. e4 e5 2. Nf3 Nc6 3. Bc4 Bc5 4. c3 Nf6 5. d4 exd4 6. e5 d5 7. Bb5 Ne4 8. cxd4 Bb6 9. Nc3 O-O 10. Be3 Bg4 11. h3 Bh5 12. Qc2 Bg6 13. Qb3 Ne7 14. O-O c6 15. Bd3 Nd2 16. Nxd2 Bxd3 17. Rfe1 Bg6 18. Na4 Nf5 19. Qc3 Nxe3 20. Rxe3 f6 21. Nxb6 axb6 22. a3 fxe5 23. Rxe5 Qf6 24. Qg3 Qf4 25. Qe3 Qxe3 26. fxe3 Rae8 27. Nf3 Be4 28. Rxe8 Rxe8 29. Ne5 Re7 30. Rc1 b5 31. Rf1 Rc7 32. b4 Bc2 33. Kh2 Re7 34. Kg3 g6 35. Rf6 Bf5 36. Kf4 Re8 37. g4 Bb1 38. Kg5 Re7 39. Kh6 Rc7 40. h4 Be4 41. Rd6 Rc8 42. Rd7 b6 43. Rg7+ Kf8 44. Rxh7 1-0